000 00870nas a2200289 4500
001 BR2019000833
003 BR-BrBNA
005 20231205131645.0
007 ta
008 230509b bl.|||p| |||| 00| 00por d
040 _aBR-BrBNA
_bpor
_cBiblioteca Nacional de Agricultura
041 _a(Pt)
072 _aC20; E14
100 1 _aSchmitz, H.
100 1 _aMota, D.M. da
100 1 _aMagalhães, L.E.L.
245 1 _aParticipação e parceria no trabalho com agricultores e suas organizações
650 _aAGRICULTOR
650 _aEXTENSÃO RURAL
650 _aPESQUISA
650 _aINOVAÇÃO
650 _aDESENVOLVIMENTO RURAL
773 0 _tAgrotrópica (Brazil)
_xISSN 0103-3816
_g(Jan-Apr 2000), v. 12(1) p. 49-58
_wBR2019000833
856 4 0 _dLink DSPACE/MAPA BR2019000833
909 _a202311
_bLúcia
_c55
_dLúcia Elande
942 _2AGRIS
_n0
_cANA
999 _c255953
_d255953